000 00493nam a22001697a 4500
005 20251108164115.0
008 250721s1993 xx 000 0 ara d
082 1 4 _a340.09/عبد
100 1 _aأبو الخير، عبد السميع عبد الوهاب
245 1 0 _aالوجيز في تاريخ القانون /
264 _bدار الكتاب الجامعي،
_c1993.
300 _a367ص
650 1 7 _aالقانون
650 1 7 _aالتاريخ
942 _2ddc
_cBK
999 _c3779
_d3779